Football - Buteurs PSG LDC - Statistiques

Statistiques générales
  • Ce quiz a été pris 294 fois
    25 depuis la dernière actualisation
  • Le résultat moyen est 32 sur 52
Statistiques - réponses
Place Joueurs Nombre % Correct
10 Désiré Doué 9
100%
2 Edinson Cavani 30
100%
11 Khvicha Kvaratskhelia 9
100%
1 Kylian Mbappé 43
100%
7 Marquinhos 11
100%
3 Neymar Jr 22
100%
6 Ousmane Dembélé 12
100%
8 Vitinha 10
100%
4 Zlatan Ibrahimovic 20
100%
37 Joao Neves 2
94%
13 Nuno Mendes 7
94%
9 Lionel Messi 9
89%
22 Thiago Silva 3
89%
39 William Pacho 2
89%
15 Achraf Hakimi 6
83%
19 Bradley Barcola 5
83%
38 Fabian Ruiz 2
83%
18 Goncalo Ramos 5
83%
5 Angel Di Maria 14
78%
51 Kang-In Lee 1
78%
24 Marco Verratti 3
78%
36 Warren Zaire-Emery 2
72%
14 Blaise Matuidi 6
67%
44 Presnel Kimpembe 1
67%
29 Senny Mayulu 3
61%
32 Thiago Motta 2
61%
21 Adrien Rabiot 4
56%
12 Ezechiel Lavezzi 7
56%
20 Javier Pastore 4
56%
16 Juan Bernat 5
56%
43 Julian Draxler 1
56%
27 Layvin Kurzawa 3
56%
49 Lucas Hernandez 1
56%
50 Randal Kolo Muani 1
56%
23 David Luiz 3
44%
25 Lucas Moura 3
44%
17 Mauro Icardi 5
44%
33 Dani Alves 2
33%
47 Idrissa Gueye 1
33%
52 Milan Skriniar 1
33%
26 Thomas Meunier 3
33%
46 Ander Herrera 1
28%
45 Eric Maxim Choupo-Moting 1
28%
48 Carlos Soler 1
22%
28 Moise Kean 3
22%
34 Pablo Sarabia 2
22%
42 Serge Aurier 1
22%
30 Alex 2
17%
35 Georginio Wijnaldum 2
17%
41 Yohan Cabaye 1
17%
31 Jérémy Menez 2
11%
40 Guillaume Hoarau 1
6%
Aucun quiz correspondant
Distribution des résultats
% des personnes avec chaque résultat
Percentile par nombre de réponses
Votre historique - résultats
Vous n’avez pas pris ce quiz depuis la dernière actualisation